Business process outsourcing (BPO) : (Record no. 129330)
[ view plain ]
| 000 -LEADER | |
|---|---|
| fixed length control field | 00792nam a22002297a 4500 |
| 005 - DATE AND TIME OF LATEST TRANSACTION | |
| control field | 20170124110054.0 |
| 010 ## - LIBRARY OF CONGRESS CONTROL NUMBER | |
| LC control number | B-159452 |
| 020 ## - INTERNATIONAL STANDARD BOOK NUMBER | |
| Terms of availability | 00.00 |
| International Standard Book Number | 8176295558 |
| 035 ## - SYSTEM CONTROL NUMBER | |
| System control number | B-159452 |
| 037 ## - SOURCE OF ACQUISITION | |
| Source of stock number/acquisition | Cen Lib/ Ret |
| 040 ## - CATALOGING SOURCE | |
| Original cataloging agency | DPL |
| Language of cataloging | EN |
| 082 ## - DEWEY DECIMAL CLASSIFICATION NUMBER | |
| Classification number | 650 |
| Item number | BUS |
| 245 ## - TITLE STATEMENT | |
| Title | Business process outsourcing (BPO) : |
| Statement of responsibility, etc | edited by S.Nakkiran [and] John Franklin |
| Remainder of title | concept, current trends, management, future challenges / |
| 260 ## - PUBLICATION, DISTRIBUTION, ETC. (IMPRINT) | |
| Place of publication, distribution, etc | New Delhi |
| Name of publisher, distributor, etc | Deep & Deep Publications Pvt. Ltd. |
| Date of publication, distribution, etc | 2004 |
| 270 ## - ADDRESS | |
| Address | F-159. Rajouri Garden |
| City | New Delhi |
| Postal code | 110027 |
| 300 ## - PHYSICAL DESCRIPTION | |
| Extent | xix,308p. : |
| Dimensions | 23cm(Hb) |
| Other physical details | ill. |
| 500 ## - GENERAL NOTE | |
| General note | Includes bibliographical references and index |
| 650 ## - SUBJECT ADDED ENTRY--TOPICAL TERM | |
| Topical term or geographic name as entry element | Contracting out |
| 9 (RLIN) | 26047 |
| 650 ## - SUBJECT ADDED ENTRY--TOPICAL TERM | |
| Topical term or geographic name as entry element | BPO |
| 9 (RLIN) | 26048 |
| 700 ## - ADDED ENTRY--PERSONAL NAME | |
| Personal name | Franklin, John |
| 9 (RLIN) | 26049 |
| 942 ## - ADDED ENTRY ELEMENTS (KOHA) | |
| Source of classification or shelving scheme | Dewey Decimal Classification |
| Koha item type | English Books |
| Classification part | 650 |
| Call number suffix | BUS |
| Withdrawn status | Lost status | Damaged status | Not for loan | Home library | Current library | Date acquired | Source of acquisition | Cost, normal purchase price | Total Checkouts | Full call number | Barcode | Date last seen | Copy number | Cost, replacement price | Price effective from | Koha item type | Source of classification or shelving scheme | Collection code |
|---|---|---|---|---|---|---|---|---|---|---|---|---|---|---|---|---|---|---|
| Central Library | Central Library | 06/07/2015 | Cen Lib/Ret | 0.00 | 650 BUS | B-159452 | 06/07/2015 | 1 | 0.00 | 06/07/2015 | English Books | |||||||
| Sarojini Nagar | Sarojini Nagar | 08/04/2019 | 650 BUS | B-159454 | 08/04/2019 | 08/04/2019 | English Books | Dewey Decimal Classification | Non-fiction |
